| 000 | 00652nam a2200217 a 4500 | ||
|---|---|---|---|
| 005 | 20231101063704.0 | ||
| 008 | 160530s2013 mx r 000 0 spa d | ||
| 020 | _a9786074952636 | ||
| 035 | _aUPN01000210794 | ||
| 049 | _aCG | ||
| 050 | 4 |
_aPQ7298.426 E7.3 _bB7.2 |
|
| 100 | 1 |
_aPérez Hernández, Balam Rodrigo, _d1974- _939862 |
|
| 245 | 1 | 0 |
_aBraille para sordos / _cBalam Rodrigo. |
| 260 |
_aMéxico : _bFOEM, _c2013. |
||
| 300 |
_a105 p. : _bil. |
||
| 440 | 0 |
_aLetras. _pPoesía |
|
| 500 | _aCertamen Internacional de Literatura 2012 "Sor Juana Inés de la Cruz" | ||
| 650 | 4 |
_aPoesía mexicana _91273 |
|
| 905 | _aLibro | ||
| 999 |
_c182895 _d182895 |
||